[Event "BEL-chT 2223"]
[Site "Belgium"]
[Date "2023.01.29"]
[Round "6.5"]
[White "Matnadze, Ana"]
[Black "De Wachter, Matthias"]
[Result "1/2-1/2"]
[WhiteElo "2391"]
[BlackElo "2291"]
[PlyCount "133"]
[EventDate "2022.09.25"]
[EventType "team-tourn"]
[EventRounds "11"]
[EventCountry "BEL"]
[SourceTitle "CBM 213 Extra"]
[Source "ChessBase"]
[SourceDate "2023.05.31"]
[SourceVersion "1"]
[SourceVersionDate "2023.05.31"]
[SourceQuality "1"]
[WhiteTeam "Wachtebeke"]
[BlackTeam "Mechelen"]
[WhiteTeamCountry "BEL"]
[BlackTeamCountry "BEL"]

1. Nf3 d5 2. g3 c5 3. Bg2 Nc6 4. d4 e6 5. 0-0 Nf6 6. c4 dxc4 7. Qa4 Bd7 8. Qxc4 b5 9. Qd3 c4 10. Qd1 Qb6 11. a4 b4 12. Ne5 Rd8 13. Nxc4 Qxd4 14. Qb3 Qc5 15. Be3 Na5 16. Nxa5 Qxa5 17. Nd2 Be7 18. Nc4 Qa6 19. Ne5 0-0 20. Rfc1 Rc8 21. Nxd7 Nxd7 22. Rd1 Rfd8 23. Bd4 Nb6 24. Qf3 Qa5 25. Qb7 Bf6 26. Bxf6 gxf6 27. Rxd8+ Rxd8 28. Qe7 Nd5 29. Bxd5 Rxd5 30. Qxf6 Qd8 31. Qxd8+ Rxd8 32. e3 Rd2 33. Rc1 Rxb2 34. Rc7 Ra2 35. Rxa7 b3 36. Rb7 b2 37. Kg2 Rxa4 38. Rxb2 Kg7 39. f4 Ra3 40. Kf3 h6 41. g4 Ra1 42. Rg2 Kg6 43. g5 h5 44. Rd2 Rh1 45. Ke4 Ra1 46. Rd8 Kg7 47. Kf3 Rf1+ 48. Kg3 Re1 49. Rd3 Kg6 50. Kf3 Rf1+ 51. Kg2 Re1 52. h3 Re2+ 53. Kg3 Re1 54. Kf2 Rh1 55. Kg2 Re1 56. Ra3 h4 57. Kf2 Rh1 58. Kg2 Re1 59. Rb3 Kg7 60. Kf2 Rh1 61. e4 Rh2+ 62. Kf1 Kg6 63. Re3 Ra2 64. Rb3 Ra4 65. Re3 Ra2 66. Rb3 Ra4 67. Re3 1/2-1/2

[Event "BEL-chT 2223"]
[Site "Belgium"]
[Date "2022.11.06"]
[Round "3.6"]
[White "De Wachter, Matthias"]
[Black "Sclacmender, Julien"]
[Result "1-0"]
[WhiteElo "2291"]
[BlackElo "2218"]
[PlyCount "50"]
[EventDate "2022.09.25"]
[EventType "team-tourn"]
[EventRounds "11"]
[EventCountry "BEL"]
[SourceTitle "CBM 213 Extra"]
[Source "ChessBase"]
[SourceDate "2023.05.31"]
[SourceVersion "1"]
[SourceVersionDate "2023.05.31"]
[SourceQuality "1"]
[WhiteTeam "Mechelen"]
[BlackTeam "Charleroi CREC"]
[WhiteTeamCountry "BEL"]
[BlackTeamCountry "BEL"]

1. d4 Nf6 2. c4 e6 3. Nf3 Bb4+ 4. Bd2 a5 5. a3 Bxd2+ 6. Qxd2 d6 7. Nc3 Nbd7 8. e4 e5 9. 0-0-0 Qe7 10. g4 0-0 11. g5 exd4 12. Nxd4 Ne8 13. Nf5 Qd8 14. Rg1 Nc5 15. Kb1 Nxe4 16. Nh6+ gxh6 17. Nxe4 Bf5 18. Bd3 h5 19. Nf6+ Nxf6 20. Bxf5 Nd7 21. Qe2 Re8 22. Qxh5 Nf8 23. Bxh7+ Nxh7 24. g6 fxg6 25. Qxg6+ Kh8 1-0

[Event "Aegean op 45th"]
[Site "Aghios Kirykos"]
[Date "2022.07.10"]
[Round "2"]
[White "De Wachter, Matthias"]
[Black "Fragkos, Vasileios"]
[Result "1-0"]
[WhiteElo "2316"]
[BlackElo "2052"]
[PlyCount "71"]
[EventDate "2022.07.09"]
[EventType "swiss"]
[EventRounds "9"]
[EventCountry "GRE"]
[SourceTitle "CBM 209 Extra"]
[Source "ChessBase"]
[SourceDate "2022.09.30"]
[SourceVersion "1"]
[SourceVersionDate "2022.09.30"]
[SourceQuality "1"]

1. d4 g6 2. e4 Bg7 3. Nf3 d6 4. Bc4 e6 5. 0-0 Ne7 6. Nbd2 0-0 7. c3 b6 8. Re1 Bb7 9. Bb3 Nd7 10. a4 a5 11. Nf1 h6 12. Ng3 e5 13. h4 Kh7 14. h5 Ng8 15. Bxf7 Rxf7 16. Ng5+ hxg5 17. hxg6+ Kh8 18. Qh5+ Nh6 19. Bxg5 Qf8 20. Bxh6 Bxh6 21. gxf7 Nf6 22. Qh4 Nh7 23. Nf5 Bg5 24. Qh5 Bc8 25. Qg6 Bxf5 26. exf5 Qg7 27. dxe5 dxe5 28. Rad1 Bf6 29. f4 Qxg6 30. fxg6 Nf8 31. f5 Kg7 32. g4 Rb8 33. g5 Bxg5 34. Rxe5 Bf6 35. Re8 Rb7 36. Rde1 1-0

[Event "Reykjavik Kvika op"]
[Site "Reykjavik"]
[Date "2022.04.12"]
[Round "9"]
[White "Manukonda, Arun"]
[Black "De Wachter, Matthias"]
[Result "0-1"]
[WhiteElo "2014"]
[BlackElo "2295"]
[PlyCount "104"]
[EventDate "2022.04.06"]
[EventType "swiss"]
[EventRounds "9"]
[EventCountry "ISL"]
[SourceTitle "CBM 207 Extra"]
[Source "ChessBase"]
[SourceDate "2022.05.31"]
[SourceVersion "1"]
[SourceVersionDate "2022.05.31"]
[SourceQuality "1"]

1. d4 d5 2. Nf3 Nf6 3. e3 c5 4. b3 cxd4 5. exd4 Nc6 6. Bd3 Bg4 7. Bb2 Qa5+ 8. Bc3 Qb6 9. 0-0 e6 10. a4 a6 11. a5 Qc7 12. Ra4 Bd6 13. h3 Bh5 14. Re1 0-0 15. Nbd2 Rfc8 16. Qa1 Bg6 17. Bxg6 hxg6 18. Rc1 Bf4 19. Rd1 Na7 20. Bb4 Qxc2 21. Bc5 Nb5 22. Ra2 Qf5 23. g4 Qd3 24. Kg2 Nc3 25. Ne1 Qe2 26. Qxc3 Qxd1 27. Nef3 Qe2 28. Ra1 g5 29. b4 g6 30. Rb1 Bxd2 31. Qxd2 Qxd2 32. Nxd2 Rc6 33. f3 Nd7 34. Nb3 f6 35. Kf2 Kf7 36. Kg3 Rh8 37. Rh1 Rcc8 38. Rh2 Rh7 39. Nc1 b6 40. axb6 Nxb6 41. Nd3 Nc4 42. Ra2 Rch8 43. Nf2 Ra8 44. b5 a5 45. Nd1 Rah8 46. Nf2 Rb8 47. b6 Ke8 48. Nd1 Kd7 49. Nc3 Kc6 50. Na4 Rbh8 51. Rh2 f5 52. Rh1 f4+ 0-1

[Event "Reykjavik Kvika op"]
[Site "Reykjavik"]
[Date "2022.04.08"]
[Round "4"]
[White "De Wachter, Matthias"]
[Black "Finnsson, Johann Arnar"]
[Result "1-0"]
[WhiteElo "2295"]
[BlackElo "1805"]
[PlyCount "65"]
[EventDate "2022.04.06"]
[EventType "swiss"]
[EventRounds "9"]
[EventCountry "ISL"]
[SourceTitle "CBM 207 Extra"]
[Source "ChessBase"]
[SourceDate "2022.05.31"]
[SourceVersion "1"]
[SourceVersionDate "2022.05.31"]
[SourceQuality "1"]

1. d4 g6 2. c4 Bg7 3. e4 e5 4. d5 d6 5. Nc3 Nf6 6. Be2 Nbd7 7. Bg5 a5 8. h4 h6 9. Be3 Nc5 10. Qc2 c6 11. h5 cxd5 12. cxd5 g5 13. f3 0-0 14. g4 b6 15. Nh3 Nh7 16. Nf2 Ba6 17. 0-0 Nf6 18. Bxa6 Rxa6 19. a3 Qd7 20. b4 Nb7 21. Qe2 Raa8 22. Bxb6 Rfc8 23. Nb5 axb4 24. axb4 Rxa1 25. Rxa1 Nxd5 26. exd5 e4 27. Nd4 exf3 28. Qxf3 Qe8 29. Rd1 Rc4 30. Nc6 Rc3 31. Rd3 Qe1+ 32. Kg2 Rc4 33. Re3 1-0

[Event "Aegean op 42nd"]
[Site "Aghios Kirykos"]
[Date "2019.07.12"]
[Round "4"]
[White "De Wachter, Matthias"]
[Black "Lekic, Dusan"]
[Result "1/2-1/2"]
[WhiteElo "2348"]
[BlackElo "2343"]
[PlyCount "81"]
[EventDate "2019.07.09"]
[EventType "swiss"]
[EventRounds "9"]
[EventCountry "GRE"]
[SourceTitle "EXT 2020"]
[Source "ChessBase"]
[SourceDate "2019.10.17"]
[SourceVersion "1"]
[SourceVersionDate "2019.10.17"]
[SourceQuality "1"]

1. d4 Nf6 2. c4 e6 3. Nc3 Bb4 4. Qc2 0-0 5. Nf3 d5 6. cxd5 exd5 7. Bf4 c5 8. dxc5 Ne4 9. e3 Nd7 10. c6 bxc6 11. Be2 Ndc5 12. 0-0 Bxc3 13. bxc3 Qa5 14. Rfc1 Ne6 15. Be5 f6 16. Bg3 Nxg3 17. hxg3 Rb8 18. Nd4 Bd7 19. Nb3 Qa3 20. c4 Rfd8 21. Bf3 Ng5 22. cxd5 Nxf3+ 23. gxf3 cxd5 24. Qc5 Qxc5 25. Rxc5 Rb5 26. Rac1 Rxc5 27. Rxc5 Be8 28. Ra5 Rd7 29. Kf1 Kf7 30. Ke2 Rb7 31. Rxd5 Bb5+ 32. Kd2 Bc6 33. Rf5 g6 34. Rf4 Bd5 35. Kc3 h5 36. e4 Bxb3 37. axb3 Ke6 38. Rh4 Rc7+ 39. Kd3 Rd7+ 40. Kc3 Rc7+ 41. Kd3 1/2-1/2

[Event "Paleochora op 11th"]
[Site "Paleochora"]
[Date "2018.07.22"]
[Round "6"]
[White "Thelen, Thomas"]
[Black "De Wachter, Matthias"]
[Result "0-1"]
[WhiteElo "1944"]
[BlackElo "2363"]
[PlyCount "74"]
[EventDate "2018.07.18"]
[EventType "swiss"]
[EventRounds "9"]
[EventCountry "GRE"]
[SourceTitle "CBM 186 Extra"]
[Source "ChessBase"]
[SourceDate "2018.08.24"]
[SourceVersion "1"]
[SourceVersionDate "2018.08.24"]
[SourceQuality "1"]

1. d4 Nf6 2. Bf4 d5 3. e3 c5 4. c3 Nc6 5. Nf3 Qb6 6. Qb3 c4 7. Qxb6 axb6 8. Nbd2 b5 9. a3 b4 10. cxb4 Nxb4 11. Rc1 Nc6 12. Ne5 Nh5 13. Nxc6 bxc6 14. Be5 f6 15. Bg3 Nxg3 16. hxg3 Rb8 17. b3 cxb3 18. Bd3 e5 19. dxe5 fxe5 20. Rxc6 e4 21. Bb5 Kd8 22. a4 Bb4 23. Ke2 Bd7 24. Rcc1 Rxb5 25. axb5 Bxb5+ 26. Kd1 b2 27. Rb1 Ba4+ 28. Ke2 Bc3 29. f3 Bc2 30. Rhd1 Bd3+ 31. Kf2 Kc7 32. Nb3 Bxb1 33. Rxb1 Rb8 34. Nd4 Bxd4 35. exd4 exf3 36. gxf3 h5 37. Kg2 g5 0-1

[Event "Paleochora op 11th"]
[Site "Paleochora"]
[Date "2018.07.19"]
[Round "2"]
[White "Fidrilakis, Stavros"]
[Black "De Wachter, Matthias"]
[Result "0-1"]
[WhiteElo "1916"]
[BlackElo "2363"]
[PlyCount "84"]
[EventDate "2018.07.18"]
[EventType "swiss"]
[EventRounds "9"]
[EventCountry "GRE"]
[SourceTitle "CBM 186 Extra"]
[Source "ChessBase"]
[SourceDate "2018.08.24"]
[SourceVersion "1"]
[SourceVersionDate "2018.08.24"]
[SourceQuality "1"]

1. Nf3 d5 2. d4 Nf6 3. g3 c5 4. Bg2 cxd4 5. Nxd4 e5 6. Nb3 Be6 7. Bg5 Nbd7 8. Nc3 Be7 9. 0-0 h6 10. Bc1 d4 11. Ne4 Nd5 12. c4 dxc3 13. Nxc3 Nxc3 14. bxc3 Qc7 15. Be3 0-0 16. Qc2 Nb6 17. Rfd1 Rfd8 18. Rxd8+ Rxd8 19. Rd1 Nd5 20. Bd2 Nb4 21. Qb1 Nxa2 22. Qxa2 Qc4 23. Rb1 Qxe2 24. Qxa7 Bxb3 25. Qe3 Qxd2 26. Qxd2 Rxd2 27. Rxb3 Bc5 28. Rxb7 Bxf2+ 29. Kf1 Be3 30. c4 Rf2+ 31. Kg1 e4 32. Re7 f5 33. Bh3 g5 34. Re5 g4 35. Bf1 Kf7 36. Rb5 Kf6 37. Rb3 Bd4 38. Rb5 h5 39. Rd5 Be3 40. Rd6+ Kg5 41. Rd5 h4 42. Rb5 h3 0-1

[Event "BEL-chT 1718"]
[Site "Belgium"]
[Date "2018.02.25"]
[Round "7.3"]
[White "Brink, Barry"]
[Black "De Wachter, Matthias"]
[Result "0-1"]
[WhiteElo "2339"]
[BlackElo "2336"]
[PlyCount "78"]
[EventDate "2017.09.24"]
[EventType "team-tourn"]
[EventRounds "11"]
[EventCountry "BEL"]
[SourceTitle "EXT 2019"]
[Source "ChessBase"]
[SourceDate "2018.10.10"]
[SourceVersion "1"]
[SourceVersionDate "2018.10.10"]
[SourceQuality "1"]
[WhiteTeam "Liege Crelel"]
[BlackTeam "TSM Schifflange"]
[WhiteTeamCountry "BEL"]
[BlackTeamCountry "BEL"]

1. d4 Nf6 2. c4 e6 3. Nc3 Bb4 4. e3 0-0 5. Bd3 c5 6. Nf3 d5 7. 0-0 cxd4 8. exd4 dxc4 9. Bxc4 b6 10. Qe2 Bb7 11. Rd1 Nbd7 12. Bb3 Re8 13. Bg5 Bxc3 14. bxc3 Qc7 15. Bd2 Ne4 16. Rac1 Nxd2 17. Rxd2 Qf4 18. Qe3 Qg4 19. h3 Qe4 20. Re2 Qxe3 21. fxe3 b5 22. c4 bxc4 23. Bxc4 Rec8 24. Rec2 Nb6 25. Ne5 Kf8 26. Bd3 f6 27. Nc6 h6 28. e4 Bxc6 29. Rxc6 Rd8 30. d5 exd5 31. exd5 Rxd5 32. Be4 Re5 33. Bf3 Rd8 34. Rc7 Re7 35. R1c2 Rxc7 36. Rxc7 Rd7 37. Rc5 Kf7 38. h4 g6 39. a3 h5 0-1

[Event "BEL-chT 1718"]
[Site "Belgium"]
[Date "2018.02.04"]
[Round "6.3"]
[White "De Wachter, Matthias"]
[Black "Petrov, Marian"]
[Result "1/2-1/2"]
[WhiteElo "2336"]
[BlackElo "2470"]
[PlyCount "109"]
[EventDate "2017.09.24"]
[EventType "team-tourn"]
[EventRounds "11"]
[EventCountry "BEL"]
[SourceTitle "EXT 2019"]
[Source "ChessBase"]
[SourceDate "2018.10.10"]
[SourceVersion "1"]
[SourceVersionDate "2018.10.10"]
[SourceQuality "1"]
[WhiteTeam "TSM Schifflange"]
[BlackTeam "Eynatten"]
[WhiteTeamCountry "BEL"]
[BlackTeamCountry "BEL"]

1. d4 g6 2. e4 Bg7 3. c4 c5 4. d5 d6 5. Bd3 Nf6 6. Nc3 0-0 7. h3 e6 8. Nf3 Na6 9. 0-0 Nc7 10. Re1 Re8 11. Bf4 e5 12. Be3 b6 13. a3 h5 14. Bg5 Qe7 15. b4 Qf8 16. bxc5 bxc5 17. Nb5 Nxb5 18. cxb5 Nh7 19. a4 f5 20. Ra3 Rb8 21. Qc1 f4 22. Bf1 Bd7 23. Rb3 Rec8 24. Bc4 Bh6 25. Bxh6 Qxh6 26. Nd2 g5 27. b6 axb6 28. Bb5 Bxb5 29. Rxb5 g4 30. h4 Qf6 31. g3 Nf8 32. Qb2 Nd7 33. Nc4 Rf8 34. Qe2 Ra8 35. Ra1 Ra6 36. a5 bxa5 37. Rb7 Rf7 38. Rxa5 Rxa5 39. Nxa5 fxg3 40. fxg3 Qh6 41. Nc4 Rf3 42. Kg2 Nf8 43. Qd2 Qxd2+ 44. Nxd2 Rc3 45. Kf2 Rc2 46. Ke3 Rc3+ 47. Kf2 Nh7 48. Rd7 Nf6 49. Rxd6 Kf7 50. Rc6 Rd3 51. Ke2 Rxg3 52. Rxc5 Rg2+ 53. Ke3 Rg3+ 54. Ke2 Rg2+ 55. Ke3 1/2-1/2

[Event "BEL-chT 1718"]
[Site "Belgium"]
[Date "2017.11.19"]
[Round "4.3"]
[White "De Wachter, Matthias"]
[Black "Sumets, Andrey"]
[Result "0-1"]
[WhiteElo "2336"]
[BlackElo "2584"]
[PlyCount "98"]
[EventDate "2017.09.24"]
[EventType "team-tourn"]
[EventRounds "11"]
[EventCountry "BEL"]
[SourceTitle "EXT 2019"]
[Source "ChessBase"]
[SourceDate "2018.10.10"]
[SourceVersion "1"]
[SourceVersionDate "2018.10.10"]
[SourceQuality "1"]
[WhiteTeam "TSM Schifflange"]
[BlackTeam "Wirtzfeld"]
[WhiteTeamCountry "BEL"]
[BlackTeamCountry "BEL"]

1. d4 Nf6 2. c4 e6 3. g3 d5 4. Nf3 Be7 5. Bg2 0-0 6. 0-0 c6 7. Qc2 b6 8. Nbd2 Bb7 9. e4 Na6 10. a3 c5 11. exd5 exd5 12. dxc5 Nxc5 13. b4 Ne6 14. cxd5 Rc8 15. Qa4 Bxd5 16. Bb2 Qc7 17. Rfc1 Qb7 18. Rxc8 Rxc8 19. h4 h5 20. Ne1 Bxg2 21. Nxg2 Ng4 22. Qb3 b5 23. Ne3 Nxe3 24. Qxe3 Rc2 25. Be5 Qd5 26. Rd1 Ra2 27. Bb8 a6 28. Be5 a5 29. bxa5 Rxa3 30. Qe4 Qxe4 31. Nxe4 Rxa5 32. Rd5 Ra4 33. Bd6 Bxd6 34. Nxd6 Rd4 35. Rxd4 Nxd4 36. Kf1 Kf8 37. Ke1 Ke7 38. Ne4 Ke6 39. Ng5+ Kf6 40. Kd2 Ne6 41. Ne4+ Ke5 42. Kd3 b4 43. Nd2 Kd5 44. Kc2 Nc5 45. Nf3 f6 46. Ng1 Kc4 47. Ne2 b3+ 48. Kb1 Kb4 49. Nf4 Ka3 0-1

[Event "Aegean op 38th"]
[Site "Aghios Kirykos"]
[Date "2015.07.18"]
[Round "9"]
[White "Prohaszka, Peter"]
[Black "De Wachter, Matthias"]
[Result "1-0"]
[WhiteElo "2586"]
[BlackElo "2268"]
[PlyCount "71"]
[EventDate "2015.07.11"]
[EventType "swiss"]
[EventRounds "9"]
[EventCountry "GRE"]
[SourceTitle "CBM 167 Extra"]
[Source "ChessBase"]
[SourceDate "2015.09.14"]
[SourceVersion "1"]
[SourceVersionDate "2015.09.14"]
[SourceQuality "1"]

1. d4 d5 2. Nf3 Nf6 3. g3 e6 4. Bg2 Be7 5. c4 0-0 6. 0-0 dxc4 7. Qc2 a6 8. a4 Bd7 9. Qxc4 Bc6 10. Bf4 a5 11. Nc3 Na6 12. Rac1 Bxf3 13. Bxf3 c6 14. e4 Nb4 15. Rfd1 Qd7 16. d5 exd5 17. exd5 Nfxd5 18. Nxd5 Nxd5 19. Bxd5 cxd5 20. Rxd5 Qg4 21. Qc7 Bb4 22. Qxb7 Qe2 23. Rd7 Qxb2 24. Rxf7 Rxf7 25. Qxa8+ Bf8 26. Qd5 Qb7 27. Qxa5 h6 28. Qb5 Qe4 29. Qc4 Qf5 30. Rd1 Kh8 31. Rd8 g5 32. Be3 h5 33. Qd5 Qb1+ 34. Kg2 Rf5 35. Bd4+ Kh7 36. Rd7+ 1-0

[Event "Terre degli Elimi op 5th"]
[Site "Erice"]
[Date "2014.07.24"]
[Round "8"]
[White "Di Misa, Salvatore"]
[Black "De Wachter, Matthias"]
[Result "1-0"]
[WhiteElo "1962"]
[BlackElo "2276"]
[PlyCount "51"]
[EventDate "2014.07.19"]
[EventType "swiss"]
[EventRounds "9"]
[EventCountry "ITA"]
[SourceTitle "CBM 161 Extra"]
[Source "ChessBase"]
[SourceDate "2014.08.29"]
[SourceVersion "1"]
[SourceVersionDate "2014.08.29"]
[SourceQuality "1"]

1. Nf3 Nf6 2. c4 c6 3. Nc3 d5 4. e3 g6 5. d4 Bg7 6. Be2 0-0 7. 0-0 Bg4 8. b3 a6 9. h3 Bxf3 10. Bxf3 e6 11. Ba3 Re8 12. Rc1 Nbd7 13. Bd6 Nb6 14. c5 Nbd7 15. Re1 e5 16. dxe5 Nxe5 17. e4 Nxf3+ 18. Qxf3 dxe4 19. Nxe4 Nd5 20. Bg3 Qa5 21. Re2 Rxe4 22. Rxe4 Bb2 23. Rc2 Qxa2 24. Kh2 Qb1 25. Rce2 Kg7 26. Rxb2 1-0

[Event "Terre degli Elimi op 5th"]
[Site "Erice"]
[Date "2014.07.21"]
[Round "3"]
[White "De Wachter, Matthias"]
[Black "Van der Eijk, Martijn"]
[Result "1/2-1/2"]
[WhiteElo "2276"]
[BlackElo "2198"]
[PlyCount "64"]
[EventDate "2014.07.19"]
[EventType "swiss"]
[EventRounds "9"]
[EventCountry "ITA"]
[SourceTitle "CBM 161 Extra"]
[Source "ChessBase"]
[SourceDate "2014.08.29"]
[SourceVersion "1"]
[SourceVersionDate "2014.08.29"]
[SourceQuality "1"]

1. d4 d6 2. c4 e5 3. d5 g6 4. e4 Nd7 5. Nc3 a5 6. Be3 Be7 7. Nf3 b6 8. Be2 Nc5 9. h3 Nf6 10. Nd2 Nfd7 11. Qc2 Bg5 12. Bxg5 Qxg5 13. h4 Qe7 14. h5 0-0 15. 0-0-0 Nf6 16. Nf1 Ng4 17. Bxg4 Bxg4 18. f3 Qg5+ 19. Qd2 Qxd2+ 20. Kxd2 Bd7 21. g4 f5 22. hxg6 fxg4 23. Rxh7 Rxf3 24. Ne3 Rh3 25. Rg1 Rxh7 26. gxh7+ Kxh7 27. Nxg4 Rf8 28. Ke3 Bxg4 29. Rxg4 Rf1 30. Rg2 Rh1 31. Rf2 Rg1 32. Rf7+ Rg7 1/2-1/2